000 00873nam a2200253Ia 4500
005 20220225155333.0
008 210716s2016 xx 000 0 und d
020 _a9780071333450
040 _cAIMIT LIBRARY
041 _aeng
082 _a330.015195
_25
_bGUJD
100 _aGujarati, Damodar N.
_922020
245 _aBasic econometrics /
_cBy Damodar N Gujarati, Dawn C Porter and Sangeetha Gunasekar.
250 _a5th ed.
_bSpecial Indian Edition.
260 _aChennai :
_bTata McGraw Hill Education Private Limited ,
_c2016.
300 _axxiii,886p. ;
_c24 cm.
650 _aEconomics.
_922021
650 _aEquation Regression Models
_922076
650 _aLinear Regression Model.
_922077
650 _aEconomatric Modeling.
_922078
700 _aPorter, Dawn C.
_922079
700 _aGunasekar, Sangeetha.
_922080
942 _2ddc
_cBK
_e5th
_k330.015195 GUJD
999 _c210414
_d210414